| 000 | 00540nam a2200193Ia 4500 | ||
|---|---|---|---|
| 003 | OSt | ||
| 005 | 20230331152053.0 | ||
| 008 | 210423s2006 xx 000 0 und d | ||
| 040 | _cAL | ||
| 041 | _aeng | ||
| 082 | _a820 WILD | ||
| 100 |
_aWILLIAMS (Daniel G). _981064 |
||
| 245 | _aEthnicity and cultural authority from Arnold to Dubois. | ||
| 260 |
_aEdinburgh _bEdinburgh University Press _c2006 |
||
| 300 |
_aix,262 _bPB |
||
| 365 |
_b5453 _cINR |
||
| 906 | _aarnold ; authority ; cultural ; Dubois. ; Ethnicity | ||
| 942 |
_2ddc _cBK |
||
| 999 |
_c157730 _d157730 |
||